000 00284nam a2200121Ia 4500
008 190216s9999||||xx |||||||||||||| ||und||
100 _aNarendra Jadhav
245 0 _aChallenges To Indian Banking
260 _bUnian Bank Of Kerala
300 _a442
650 _aCommerce
942 _cBK
999 _c6913
_d6913